000
00254nam a2200109Ia 4500
008
240625s9999 xx 000 0 und d
041
_a
eng
082
_a
332.6457 FLA
100
_a
FLAVELL RICHARD
245
_a
SWAPS AND OTHER DERIVATIVES
260
_c
2010
999
_c
34781
_d
34781